| 000 | 00840nam a2200217Ii 4500 | ||
|---|---|---|---|
| 003 | JO-AjNU | ||
| 008 | 230605s9999||||xx |||||||||||||| ||und|| | ||
| 017 | _a2001/14252 | ||
| 020 | _a977-01-7488-2 | ||
| 040 |
_aJO-AjNU _bara _erda _cJO-AjNU |
||
| 041 | _aara | ||
| 050 | 1 | 4 | _aLA1646.J388 2001 |
| 100 | 3 |
_aالجوادي،محمد, _eauthor _97326 |
|
| 245 | 0 | 0 | _aآراء حرة في التربية والتعليم |
| 264 | 3 | 1 | _aمصر:الهيئه المصرية العامه للكتاب،2001 |
| 300 |
_a477ص _b(246-383 )يستمل على جدول من ص |
||
| 336 |
_atext _btxt _2rdacontent |
||
| 337 |
_aunmediated _bn _2rdamedia |
||
| 338 |
_avolume _bnc _2rdacarrier |
||
| 650 | 4 |
_aالتربية والتعليم-تطوير التعليم-الامتحانات والتقيم التربوي-التعليم والهويه _97327 |
|
| 999 |
_aA223 _c3791 _d3791 |
||